| 000 | nam a22 7a 4500 | ||
|---|---|---|---|
| 999 |
_c44161 _d44161 |
||
| 003 | OSt | ||
| 005 | 20180505121816.0 | ||
| 008 | 180504b xxu||||| |||| 00| 0 eng d | ||
| 040 | _cIIMT UNIVERSITY MEERUT | ||
| 050 |
_a720.251BRO _b340 |
||
| 082 |
_21 _a720.251BRO _b340 |
||
| 100 | _aBROWN P | ||
| 245 | _aINDIAN ARCHITECTURE BUDHIST, HINDU AND ISLAMIC PERIODS | ||
| 250 | _a1ST | ||
| 260 |
_aMUMBAI _bKIRAN BOOK CO. _c2005 |
||
| 300 | _b1ST ED.216 P P. | ||
| 760 | _b1ST ED. | ||
| 856 | _3PAPERBOOK | ||
| 887 | _2ACCESSION REGISTER | ||
| 942 |
_2ddc _c01 _e1ST ED. _h720.251BRO _k720.251BRO _m720.251BRO |
||